| 000 | 00418nam a2200097Ia 4500 | ||
|---|---|---|---|
| 008 | 180130s9999 xx 000 0 und d | ||
| 245 |
_cUzunov, Anton V.; Falkner, Katrina; Fernandez, Eduardo B. _aA comprehensive pattern-oriented approach to advanced computer engineering |
||
| 260 | _c2015 | ||
| 300 | _aBook title: Advanced computer architectures--Acession number C20541; pages 115-198 | ||
| 650 | _aCOMPUTER ARCHITECTURE | ||
| 999 |
_c354083 _d354083 |
||